24 tested,ready-to-run game programs in Basic

Bibliographic Details
Main Author: Tracton, Ken
Format: Book
Published: Blue Ridge summit : TAB Books Inc , 1978
Subjects:

MARC

LEADER 00000cam a2200000 7i4500
001 0000005979
002 000006456
005 20000330.0
020 |a 0830610855 
090 0 0 |a 793.9   |b TRA 
100 1 |a Tracton, Ken 
245 1 0 |a 24 tested,ready-to-run game programs in Basic   |c Tracton Ken 
260 |a Blue Ridge summit :   |b TAB Books Inc ,   |c 1978 
300 |a 251p. ;   |c 20cm. 
650 0 0 |a Games   |x Computer programs 
999 |a 037799   |b BUKU   |c PINJAMAN   |e PERPUSTAKAAN KOMUNITI PETALING JAYA